The southwestern frontier--1865-1881 : (Record no. 67962)
[ view plain ]
| 000 -LEADER | |
|---|---|
| fixed length control field | 01012nam a2200253 a 4500 |
| 001 - CONTROL NUMBER | |
| control field | 67962 |
| 003 - CONTROL NUMBER IDENTIFIER | |
| rucl marc code | BD-RjUL |
| 005 - DATE AND TIME OF LATEST TRANSACTION | |
| control field | 20211209081721.0 |
| 008 - FIXED-LENGTH DATA ELEMENTS--GENERAL INFORMATION | |
| fixed length control field | 170329b19691928nyu||||| |||| 00| 0 eng d |
| 035 ## - SYSTEM CONTROL NUMBER | |
| System control number | (BD-RjUL)68171 |
| 040 ## - CATALOGING SOURCE | |
| Original cataloging agency | BD-RjUL |
| Language of cataloging | eng |
| Transcribing agency | BD-RjUL |
| 041 ## - LANGUAGE CODE | |
| Language code of text/sound track or separate title | eng |
| 082 ## - DEWEY DECIMAL CLASSIFICATION NUMBER | |
| Edition number | 23 |
| Classification number | 978 |
| Author mark and year | RIS 1969 |
| 100 ## - MAIN ENTRY--PERSONAL NAME | |
| Personal name | Rister, Carl Coke |
| 9 (RLIN) | 201445 |
| 245 ## - TITLE STATEMENT | |
| Title | The southwestern frontier--1865-1881 : |
| Remainder of title | a history of the coming of the settlers, Indian depredations and massacres, ranching activities, operations of white desperadoes and thieves, government protection, building of railways, and the disappearance of the frontier / |
| Statement of responsibility, etc. | Carl Coke Rister |
| 260 ## - PUBLICATION, DISTRIBUTION, ETC. (IMPRINT) | |
| Place of publication, distribution, etc. | New York : |
| Name of publisher, distributor, etc. | Russell & Russell, |
| Date of publication, distribution, etc. | 1928 [reissued 1969] |
| 300 ## - PHYSICAL DESCRIPTION | |
| Pagination | 336 p. ; |
| Size | 19 cm. |
| 650 ## - SUBJECT ADDED ENTRY--TOPICAL TERM | |
| Topical term or geographic name as entry element | Texas |
| 9 (RLIN) | 201446 |
| Topical term or geographic name as entry element | Southwest |
| General subdivision | 000000000000000000New |
| 9 (RLIN) | 201447 |
| Topical term or geographic name as entry element | Frontier and pioneer life |
| 9 (RLIN) | 137567 |
| Topical term or geographic name as entry element | Indians of North America |
| 9 (RLIN) | 201448 |
| Topical term or geographic name as entry element | Indians of North America--Wars |
| 9 (RLIN) | 143914 |
| 942 ## - ADDED ENTRY ELEMENTS (KOHA) | |
| Source of classification or shelving scheme | Dewey Decimal Classification |
| Koha item type | Books |
| Lost status | Source of classification or shelving scheme | Damaged status | Not for loan | Collection code | Permanent Location | Current Location | Shelving location | Date acquired | Source of acquisition | Total Checkouts | Full call number | Date last seen | Copy number | Koha item type |
|---|---|---|---|---|---|---|---|---|---|---|---|---|---|---|
| Dewey Decimal Classification | Not For Loan | Non-fiction | Central Library, University of Rajshahi | Central Library, University of Rajshahi | Reading Room | 22/07/1994 | Asia Foundation | 978 RIS 1969 | 29/03/2017 | C-1 | Books |